000 01162nam a22003137a 4500
001 848
005 20230804161416.0
008 230711b cb ||||| |||| 00| 0 eng d
020 _a0670060127
020 _a9780670060122
040 _aDLC
_cDLC
_dIG#
_dBAKER
_dEHH
_dOCO
_dDLC
_beng
050 0 0 _aPZ7.M478693
_bAwa 2006
082 0 0 _a813
_222
100 1 _aMcKissack, Patricia C.,
_d1944-2017.
245 1 0 _aAway west /
_cby Patricia C. McKissack ; illustrated by Gordon C. James.
260 _aNew York :
_bScholastic,
_c2006.
300 _a121 pages :
_billustrations ;
_c20 cm.
505 _aK
520 _aIn 1879, thirteen-year-old Everett Turner leaves a life of struggle on his family's farm and runs away to St. Louis, where he works in a livery stable before heading to the all-Black town of Nicodemus, Kansas.
521 _a510
_bLexile
521 _aK
_bRaz-Plus
650 1 _aRunaways
_vFiction.
650 1 _aBrothers
_vFiction.
650 1 _aHorses
_vFiction.
650 1 _aAfrican Americans
_vFiction.
700 1 _aJames, Gordon C.,
_eillustrator.
906 _a7
_bcbc
_corignew
_d1
_eecip
_f20
_gy-gencatlg
942 _2ddc
_cBK
_n0
999 _c848
_d848